000 00210 a2200097 4500
001 50151
100 _aHoyt, Edwing P
245 _aThe kamirazes
260 _aLahore
_bFeroz Sons Ltd
_c
090 _c32212
_d32212
942 _aNUST-CAE
_cM
_c24684
999 _c285224
_d285224